Statistics for Can you name all continents in 15 seconds?

Click here to take the quiz!

General Stats

  • This quiz has been taken 31 times
  • The average score is 5 of 7

Answer Stats

Continents% Correct
Asia
88%
Europe
82%
North America
82%
South America
76%
Africa
71%
Oceania
53%
Antarctica
47%

Score Distribution

Percentile by Number Answered

Percent of People with Each Score

Your Score History

You have not taken this quiz